000 01024nam1a22002771 4500
001 v19\rc\1637530
005 20260508142415.0
035 _a(NLR Aleph) 004751385
090 _a4539027
_c4539027
100 _a20061002d1900 u y0rusy50 ca
101 0 _arus
102 _aRU
105 _a z |||||
200 1 _aШкола рисования
_eТетради с рис. для самостоят. занятий учащихся в шк. и дома. Тетр. 1-3
_fА. Новиков
210 _aСанкт-Петербург
_cВ.С. Гербач
_d1900
215 _a3 т.
_d24
700 1 _7ca
_8rus
_aНовиков
_bА. Г.
_cпреподаватель, рисование
_f1867-1922
_gАлександр Георгиевич
_92708386
_3RU\NLR\AUTH\770293407
801 0 _aRU
_bNLR
_gpsbo
801 0 _aRU
_bRuMoRGB
_2psbo
801 1 _aRU
_bProSoft-M
_2rusmarc
852 _aNLR
_j20.61.4.146
852 _aNLR
_j+Шифры разные
899 _aRuMoRGB
_jT 3/299
942 _cBOOK
980 _aNB